000 00649nam a2200205Ia 4500
003 GCL
008 140319s9999 xx 000 0 ara d
040 _aGCL /
_cGCL
082 0 4 _a301.247
_bج ح
100 1 _aجورج كتوره
245 1 0 _aطبائع الكواكبى فى طبائع الاستبداد دراسة تحليلية /
_cجورج كتوره
260 _a[S.N] :
_bالمؤسسة العربية للدراسات والنشر ،
_c1987
300 _a152 ص
490 _a
650 0 4 _aعلم النفس
650 0 4 _aالدكتاتورية
650 0 4 _aالاستبداد
650 0 4 _aالتسلفية
942 _2ddc
_cBK
999 _c35301
_d35301